000 01678nam0a2200349 i 4500
001 RU\NLR\BIBL_A\010688353
005 20240921183405.0
010 _a9785227054920
_93000
021 _aRU
_b2014-99920
_96061
035 _a(NILC)RuMoRGB-007849194
035 _a(NLR Aleph) 010688353
090 _a9673656
_c9673656
100 _a20150303d2014 u y0rusy50 ca
101 1 _arus
_ceng
102 _aRU
105 _aa|||z|||000yy
200 1 _aВкус и цвет здоровья
_eнедостающее звено оптимального рациона
_e[радикально новый способ правильно выбрать, сохранить и приготовить овощи и фрукты]
_fДжо Робинсон
_g[пер. с англ. З.А. Зарифовой]
210 _aМосква
_cЦентрполиграф
_d2014
215 _a285, [1] с.
_cил.
_d21
300 _aЗагл. и авт. ориг.: Eating on the wild side / Jo Robinson
454 0 _12001#$aEating on the wild side$fJo Robinson
_1700#1$aRobinson$bJ.$gJo
_tEating on the wild side
_aRobinson, Jo
606 1 _aОвощи
_xБиологическая ценность
_92204868
_3RU\NLR\AUTH\661324748
606 1 _aЗеленные овощи
_xБиологическая ценность
_92628250
_3RU\NLR\AUTH\661564810
606 1 _aФрукты
_xБиологическая ценность
_92241811
_3RU\NLR\AUTH\6601576468
686 1 _aР123.813.3-0
686 1 _aР123.813.1-0
700 1 _aРобинсон
_bД.
_gДжо
801 0 _aRU
_bРГБ
_c20150115
_gRCR
942 _cBOOK
980 _aNBR